Wycieczka Geograficzna dla Kolegi Ignacego - Statystyki

Ogólne statystyki
  • Ten quiz został rozwiązany 665 razy
  • Średni wynik to 20 z 26
Statystyki odpowiedzi
Kierunek Geograficzny Kraj % Poprawnych
Start Polska
99%
Północ Polska
99%
Wschód Białoruś
98%
Południe Ukraina
98%
Wschód Rosja
97%
Południowy-Wschód Chiny
88%
Południe Kazachstan
88%
Wschód Japonia
81%
Północ Słowacja
78%
Południe Korea Południowa
76%
Północ Indie
75%
Zachód Iran
73%
Północ Korea Północna
73%
Północ Rumunia
72%
Północ Turcja
72%
Zachód Węgry
72%
Północny-Zachód Pakistan
69%
Południowy-Wschód Tajwan
69%
Północ Bułgaria
68%
Północ Afganistan
67%
Południe Filipiny
67%
Północ Syria
64%
Południowy-Zachód Arabia Saudyjska
63%
Północ Jordania
58%
Południowy-Zachód Malezja
58%
Zachód Sri Lanka
55%
Nie znaleziono quizów pasujących do podanych kryteriów
Rozkład punktacji
Procent ludzi z każdym wynikiem
Percentyl według liczby udzielonych odpowiedzi
Twoja historia wyników
Nie rozwiązałeś tego quizu